00273nam a22001097a 4500008004100000020001500041041000800056080001500064100000800079101000800087245006800095181221b xxu||||| |||| 00| 0 eng d a0070371768 aeng 24 THa316 a316 aSOC aHuman Societes An Introduction To MacrosociologycLenski.L